01270nam a22002177a 450000500170000000800410001702000150005804000070007304100120008008200210009210000170011324500400013025000060017026000680017630000330024452007060027765000250098365000130100865000120102170000190103320221029121222.0221029b ||||| |||| 00| 0 eng d a8171799884 cAL aEnglish 223a617.05bPALC aC Palanivelu aCIGES Atlas of Laparoscopic Surgery a2 aNew DelhibJaypee Brothers Medical Publishers Private Ltdc2003 axvii,308 p.bHBc29x21.7 cm. aCIGES Atlas of Laparoscopic Surgery, 2/e features more than 800 full-colour illustrations and is a complete step-by-step guide to the most advanced an successful laparoscopic surgical procedures. The author is one of the world's foremost laparoscopic surgeons. There are twelve sections, the first focuses on basic information such as instrumentation, operating room layout, hemostasis, laparoscopic access and diagnostic laparoscopy. The remaining eleven demonstrate specific operative procedures for various organ systems. This edition features two new sections on pediatric and gynecologic surgery. Photographs and drawings are skillfully integrated with the author's detailed 'how-to' descriptions aLaparoscopic surgery aMedicine aSurgery aPALANIVELU (C)